Principles of cost accounting (Record no. 31471)

MARC details
000 -LEADER
fixed length control field 00266nam a2200109Ia 4500
100 ## - MAIN ENTRY--AUTHOR NAME
Personal name Ahuja, N L
245 #0 - TITLE STATEMENT
Title Principles of cost accounting
260 ## - PUBLICATION, DISTRIBUTION, ETC. (IMPRINT)
Place of publication Bombay
Name of publisher Allied
Year of publication 1978
700 ## - ADDED ENTRY--PERSONAL NAME
Personal name Chadha, G K
942 ## - ADDED ENTRY ELEMENTS (KOHA)
Koha item type Books
Holdings
Withdrawn status Lost status Damaged status Not for loan Home library Current library Date acquired Accession Number Koha item type
      Write off RRII Library RRII Library 16/12/2021 12016 Books